Filosofía constitucional
Guardado en:
| Hovedforfatter: | |
|---|---|
| Format: | Bog |
| Sprog: | Undetermined |
| Udgivet: |
Caracas, Venezuela
Ministerio de Educación
1955
|
| Fag: | |
| Tags: |
Tilføj Tag
Ingen Tags, Vær først til at tagge denne postø!
|
MARC
| LEADER | 00000nam a2200000Ia 4500 | ||
|---|---|---|---|
| 008 | 170316s9999 xx 000 0 und d | ||
| 090 | |a 100 G-26f | ||
| 100 | |a Gil Fortoul, José | ||
| 245 | |a Filosofía constitucional | ||
| 260 | |a Caracas, Venezuela | ||
| 260 | |b Ministerio de Educación | ||
| 260 | |c 1955 | ||
| 300 | |a 500 páginas | ||
| 650 | |a FILOSOFÍA | ||
| 999 | |c 16286 |d 16286 | ||
| 040 | |a cru BVZT | ||
| 942 | |c 15 D |h 100 G-26f |2 z | ||
